00249nam a2200109Ia 4500008004100000100002300041245001900064250001200083260002800095300000800123650000800131191201s2012 xx 000 0 und d aBLANCHARD, Olivier 0aMacroeconomics a7th IMP aN. DelhibPearsonc2012 a587 aMBA